| 000 | 00379nam a2200157Ia 4500 | ||
|---|---|---|---|
| 008 | 231217s9999 xx 000 0 und d | ||
| 041 | _aEnglish | ||
| 082 | _a001.642 BAL;1 R | ||
| 100 | _aBalakrishna Prasad, P | ||
| 245 | 0 | _aOperating systems | |
| 250 | _a2nd ed. | ||
| 260 |
_c2004 _bScientech _aChennai |
||
| 300 | _a8.18 | ||
| 650 | _aOperating,systems | ||
| 942 | _cAA | ||
| 999 |
_c174702 _d174702 |
||